000 00287nam a22001337a 4500
008 210302b ||||| |||| 00| 0 eng d
020 _a9780072992915
041 _aeng
080 _27th
_a579
100 _a11
101 _aMIK
245 _aMicrobiology
_cWilley,M.J
942 _2udc
_cBK
999 _c55531
_d55531